Normal view
MARC view
Entry Topical Term
001 - CONTROL NUMBER
- control field: 320705
003 - CONTROL NUMBER IDENTIFIER
- control field:
005 - DATE AND TIME OF LATEST TRANSACTION
- control field: 20210602103439.0
008 - FIXED-LENGTH DATA ELEMENTS
- fixed length control field: 210602|| aca||aabn | a|a d
040 ## - CATALOGING SOURCE
- Original cataloging agency:
- Transcribing agency:
150 ## - HEADING--TOPICAL TERM
- Topical term or geographic name entry element: Truth commissions
670 ## - SOURCE DATA FOUND
- Source citation: Work cat.: (): Humphrey, Michael, 1950- 320704, The politics of atrocity and reconciliation :, 2002
